[Event "BRA-ch U26 (Women)"]
[Site "Joinville"]
[Date "2023.10.13"]
[Round "6"]
[White "Menezes, Jessica Aparecida F"]
[Black "Frota, Steffany Vitoria Me"]
[Result "0-1"]
[WhiteElo "1800"]
[BlackElo "1800"]
[PlyCount "79"]
[EventDate "2023.10.09"]
[EventType "swiss"]
[EventRounds "6"]
[EventCountry "BRA"]
[SourceTitle "CBM 216 Extra"]
[Source "ChessBase"]
[SourceDate "2023.11.30"]
[SourceVersion "1"]
[SourceVersionDate "2023.11.30"]
[SourceQuality "1"]

1. e4 e5 2. Nf3 Nc6 3. c3 Nf6 4. d3 Bc5 5. d4 Bb6 6. Bd3 exd4 7. Nbd2 0-0 8. Nc4 Bc5 9. Qe2 Re8 10. 0-0 d5 11. Ncd2 Bg4 12. h3 dxe4 13. Nxe4 Bf5 14. Qc2 Nxe4 15. Re1 Qd5 16. c4 Qd7 17. Bf4 Nd6 18. Qa4 Bxd3 19. b4 Bxb4 20. a3 b5 21. Qb3 Bxe1 22. Qxd3 Bc3 23. Rb1 bxc4 24. Qd1 Ne4 25. Qf1 Nd2 26. Nxd2 Bxd2 27. Bxd2 Rab8 28. Rc1 Rb3 29. Ra1 c3 30. Bc1 c2 31. Ra2 d3 32. Be3 d2 33. Qa1 Rb1+ 34. Qxb1 cxb1Q+ 35. Kh2 Qd6+ 36. g3 Qd5 37. g4 Qdh1+ 38. Kg3 f6 39. Rxd2 Rxe3+ 40. fxe3 0-1

[Event "BRA-ch U26 (Women)"]
[Site "Joinville"]
[Date "2023.10.11"]
[Round "4"]
[White "Faustini, Helena Rachel Silva"]
[Black "Menezes, Jessica Aparecida F"]
[Result "1-0"]
[WhiteElo "1800"]
[BlackElo "1800"]
[PlyCount "55"]
[EventDate "2023.10.09"]
[EventType "swiss"]
[EventRounds "6"]
[EventCountry "BRA"]
[SourceTitle "CBM 216 Extra"]
[Source "ChessBase"]
[SourceDate "2023.11.30"]
[SourceVersion "1"]
[SourceVersionDate "2023.11.30"]
[SourceQuality "1"]

1. e4 e5 2. Bc4 Nc6 3. c3 Nf6 4. Qb3 Nxe4 5. Bxf7+ Ke7 6. Nf3 g6 7. d4 exd4 8. Bg5+ Kd6 9. Bxd8 Nxd8 10. Bd5 d3 11. Bc4 Ke7 12. 0-0 Rg8 13. Re1 Rg7 14. Bxd3 Ne6 15. Qd1 g5 16. Nbd2 b6 17. Qe2 Bb7 18. Nxe4 h6 19. Nexg5 a5 20. Nxe6 dxe6 21. Qxe6+ Kd8 22. Rad1 Bc8 23. Qd5+ Bd6 24. Qxa8 Kd7 25. Re3 Rg8 26. Ne5+ Bxe5 27. Rxe5 c6 28. Bf5+ 1-0